Visualizzazione normale
Vista MARC
- Abraira, Pilar,
di Personal Name
Records bibliografici associati: 1
001 - CONTROL NUMBER
- control field: 70973
003 - CONTROL NUMBER IDENTIFIER
- control field: IT-RoINE
005 - DATE AND TIME OF LATEST TRANSACTION
- control field: 20220309102858.0
008 - FIXED-LENGTH DATA ELEMENTS
- fixed length control field: 220309|| aca||aabn | a|a d
040 ## - CATALOGING SOURCE
- Original cataloging agency: IT-RoINE
- Transcribing agency: IT-RoINE
100 ## - HEADING--PERSONAL NAME
- Personal name: Abraira, Pilar,
- Titles and other words associated with a name: C.S
670 ## - SOURCE DATA FOUND
- Source citation: Work cat.: (IT-RoINE): Abraira, Pilar, C.S., Dios sobre todo :, 2021.